header

Toxic legacy (Record no. 93025)

MARC details
000 -LEADER
fixed length control field 01548nam a2200385Ia 4500
245 00 - TITLE STATEMENT
Title Toxic legacy
260 ## - PUBLICATION, DISTRIBUTION, ETC. (IMPRINT)
Place of publication Amsterdam ;
-- Boston :
Name of publisher Elsevier Academic Press,
Year of publication c2007.
300 ## - PHYSICAL DESCRIPTION
Number of Pages xv, 552 p. :
Other physical details ill., maps.
650 #0 - SUBJECT ADDED ENTRY--TOPICAL TERM
Topical Term Toxicology
Topical Term Toxins.
Topical Term Pollutants.
Topical Term Poisons
Topical Term Environmental toxicology
Topical Term Environmental health
700 1# - ADDED ENTRY--PERSONAL NAME
Personal name Sullivan, Patrick J.,
Personal name Clark, James J. J.
Personal name Agardy, Franklin J.
Personal name Rosenfeld, Paul E.
856 40 - ELECTRONIC LOCATION AND ACCESS
Uniform Resource Identifier http://site.ebrary.com/lib/rucke/Doc?id=10155822

No items available.

© 2026 Rongo University
Contact us: librarian | system librarian | Rongo university